[Event "AUT-chT2O 9495"]
[Site "Austria"]
[Date "1995.??.??"]
[Round "?"]
[White "Hofbauer, Martin"]
[Black "Prager, Manfred"]
[Result "1-0"]
[WhiteElo "2265"]
[BlackElo "2225"]
[PlyCount "69"]
[EventDate "1994.??.??"]
[EventType "team-tourn"]
[EventRounds "11"]
[EventCountry "AUT"]
[SourceTitle "EXT 1999"]
[Source "ChessBase"]
[SourceDate "1998.11.16"]
[SourceVersion "1"]
[SourceVersionDate "1998.11.16"]
[SourceQuality "1"]

1. e4 c5 2. Nf3 d6 3. d4 cxd4 4. Nxd4 Nf6 5. Nc3 a6 6. Be3 e6 7. f3 Be7 8. Qd2 Qc7 9. g4 Nc6 10. 0-0-0 b5 11. Kb1 Na5 12. Ndxb5 axb5 13. Nxb5 Qb8 14. Nxd6+ Bxd6 15. Qxd6 Qxd6 16. Rxd6 0-0 17. Bb5 Nb7 18. Rd2 h6 19. Rhd1 e5 20. c4 Be6 21. Bc6 Rab8 22. Bxb7 Rxb7 23. c5 Rc7 24. b4 Bc4 25. Kb2 Ra8 26. Rd8+ Rxd8 27. Rxd8+ Kh7 28. a4 Be2 29. b5 Bxf3 30. b6 Re7 31. c6 Bxe4 32. c7 Bb7 33. Rb8 Ba6 34. Ra8 Bb7 35. Ra7 1-0

[Event "AUT-chT2O 9596"]
[Site "Austria"]
[Date "1995.??.??"]
[Round "3"]
[White "Prager, Manfred"]
[Black "Hofmair, Klaus"]
[Result "0-1"]
[WhiteElo "2195"]
[BlackElo "2265"]
[PlyCount "88"]
[EventDate "1995.??.??"]
[EventType "team-tourn"]
[EventRounds "11"]
[EventCountry "AUT"]
[SourceTitle "EXT 1999"]
[Source "ChessBase"]
[SourceDate "1998.11.16"]
[SourceVersion "1"]
[SourceVersionDate "1998.11.16"]
[SourceQuality "1"]

1. e4 e5 2. Nf3 Nc6 3. Bc4 Nf6 4. d4 exd4 5. 0-0 Nxe4 6. Re1 d5 7. Bxd5 Qxd5 8. Nc3 Qa5 9. Nxe4 Be6 10. Bd2 Qd5 11. Bg5 Be7 12. Bxe7 Kxe7 13. c4 dxc3 14. Qxd5 Bxd5 15. Nxc3+ Be6 16. Nd5+ Kd6 17. Nf4 Rae8 18. Rad1+ Kc5 19. Nxe6+ Rxe6 20. Rxe6 fxe6 21. Re1 Re8 22. Ng5 h6 23. Ne4+ Kd5 24. Ng3 Re7 25. Nh5 e5 26. f4 Rf7 27. fxe5 Nxe5 28. Rd1+ Ke6 29. Rd8 g6 30. Re8+ Kd6 31. Ng3 Rf4 32. Rh8 h5 33. h3 a5 34. Ne2 Rb4 35. Rd8+ Ke7 36. Rd5 Kf6 37. b3 a4 38. Nc1 axb3 39. axb3 Rb6 40. Kf2 Rc6 41. Ne2 Rc2 42. Rb5 b6 43. Ke3 Nc6 44. g3 Rxe2+ 0-1